000
00222nam a22000857a 4500
008
161116b xxu||||| |||| 00| 0 eng d
100
_9
1266
_a
Sequiera. M
245
_a
The stowaway
260
_a
New delhi
_b
National book trust
_c
2005
999
_c
3969
_d
3969